000 01109nam a2200301 a 4500
001 BRCA_5089
005 20190320204932.0
008 110110s1877----mx-a######---#000-0#spa-#
041 _aspa
044 _amx
050 4 _aF1411
_b.C37 2 1877
100 1 _aCasas, Fray Bartolome de las
_d1474-1566
_98116
245 1 0 _aHistoria de las Indias
_cescrita por Fray Bartolomé de las Casas, Obispo de Chiapas ; José M. Vigil, editor.
260 _aMéxico
_bImprenta y Litografía de Ireneo Paz
_c1877
300 _a2 v.
_bil.
_c29 cm.
440 0 _aBiblioteca mexicana
_910221
500 _aIncluye juicios críticos y citas notables
500 _aEjemplar igual a C80
500 _aD135
600 1 4 _aCristobal Colón
_xTrabajos recientes a 1800
_910222
650 1 4 _aIndios
_xTratamiento
_zAmérica Latina
_910223
650 1 4 _aTratado de Indias
_yTrabajos recientes a 1800
_912977
651 4 _aEspaña
_xColonias
_yTrabajos recientes a 1800
_zAmérica
_910225
651 4 _aAmérica
_xDescubrimientos y exploraciones
_910226
700 1 _aVigil, José M.
_eEditor
_912978
902 _aGFM
942 _2lcc
_cB
999 _c4783
_d4783